00832nam a22002657a 4500003000400000005001700004008004100021020001800062040002300080041000800103100002500111245004900136260003100185300004100216504004200257650003400299650004300333650003900376650003200415650002900447650003700476650002100513942001500534999001700549OSt20260530115317.0260507b1985 sp|||||| |||| 00| 0 spa d a9788487756276 aICIbspacICIerda aspa aPowell, Dick.93384710aTécnicas de presentación /cDick Powell. aEspaña :b[s.n.],c1985. a1 volumen :bilustraciones ;c24 cm. aIncluye referencias bibliográficas. 4aPresentaciones orales.933848 4aComunicación en los negocios.933849 4aTécnicas de exposición.933850 4aComunicación audiovisual. 4aExpresión oral.933852 4aMateriales audiovisuales.933853 4aOratoria.933854 2lcccBKn1 c13627d13627